Library Banner

South-East asia in turmoil (Record no. 82172)

MARC details
000 -LEADER
fixed length control field 00367nam a22001457a 4500
005 - DATE AND TIME OF LATEST TRANSACTION
control field 20160125101807.0
008 - FIXED-LENGTH DATA ELEMENTS--GENERAL INFORMATION
fixed length control field 160125b xxu||||| |||| 00| 0 eng d
040 ## - CATALOGING SOURCE
Transcribing agency PK-LaUMT
082 ## - DEWEY DECIMAL CLASSIFICATION NUMBER
Classification number AMC 959
Item number BRI-S
100 ## - MAIN ENTRY--PERSONAL NAME
Personal name Brian crozier
245 ## - TITLE STATEMENT
Title South-East asia in turmoil
Statement of responsibility, etc Brian crozier
260 ## - PUBLICATION, DISTRIBUTION, ETC. (IMPRINT)
Place of publication, distribution, etc London
Name of publisher, distributor, etc Penguin books
Date of publication, distribution, etc 1965
300 ## - PHYSICAL DESCRIPTION
Extent 205 p.
942 ## - ADDED ENTRY ELEMENTS (KOHA)
Koha item type Books
Holdings
Withdrawn status Lost status Damaged status Home library Current library Date acquired Full call number Barcode Date last seen Price effective from Koha item type
      UMT Main Campus UMT Main Campus 2016-01-25 AMC 959 BRI-S 85989 2016-01-25 2016-01-25 Books